Medieval panorama. / (Registro nro. 42506)
[ vista simple ]
| 000 -CABECERA | |
|---|---|
| campo de control de longitud fija | 00588nam a2200181 a 4500 |
| 001 - NÚMERO DE CONTROL | |
| campo de control | 000043017 |
| 005 - FECHA Y HORA DE LA ÚLTIMA TRANSACCIÓN | |
| campo de control | 20201002040557.0 |
| 008 - DATOS DE LONGITUD FIJA--INFORMACIÓN GENERAL | |
| campo de control de longitud fija | 140217s2001 xxuabf 001 0 spa d |
| 020 ## - NÚMERO INTERNACIONAL ESTÁNDAR DEL LIBRO | |
| Número Internacional Estándar del Libro | 0892366427 |
| 040 ## - FUENTE DE LA CATALOGACIÓN | |
| Centro catalogador/agencia de origen | DO-SdBNP |
| Lengua de catalogación | spa |
| Centro/agencia transcriptor | BNPHU |
| 100 1# - ENTRADA PRINCIPAL--NOMBRE DE PERSONA | |
| Nombre de persona | Bartlett, Robert |
| 9 (RLIN) | 70538 |
| 245 10 - MENCIÓN DE TÍTULO | |
| Título | Medieval panorama. / |
| Mención de responsabilidad, etc. | Robert Bartlett. |
| 260 ## - PUBLICACIÓN, DISTRIBUCIÓN, ETC. | |
| Lugar de publicación, distribución, etc. | Los angeles, California : |
| Nombre del editor, distribuidor, etc. | The J. Paul Getty museum, |
| Fecha de publicación, distribución, etc. | 2001. |
| 300 ## - DESCRIPCIÓN FÍSICA | |
| Extensión | 336 p. : |
| Otras características físicas | il., mapa, lam. ; |
| Dimensiones | 29 cm. |
| 500 ## - NOTA GENERAL | |
| Nota general | Incluye índice p: 332-336 |
| 500 ## - NOTA GENERAL | |
| Nota general | Incluye lista de ilustraciones p: 326-331 |
| 504 ## - NOTA DE BIBLIOGRAFÍA, ETC. | |
| Nota de bibliografía, etc. | Bibliografía p: 322-325 |
| Estado de retiro | Estado de pérdida | Restricciones de uso | No para préstamo | Código de colección | Localización permanente | Ubicación/localización actual | Ubicación en estantería | Fecha de adquisición | Número de inventario | Total de préstamos | Signatura topográfica completa | Código de barras | Fecha visto por última vez | Precio válido a partir de | Tipo de ítem Koha |
|---|---|---|---|---|---|---|---|---|---|---|---|---|---|---|---|
| Excluido de préstamo | Monografías: Libros y Folletos | General | General | En catalogación | 17.02.2014 | LF1 | 43017-10 | 25.06.2020 | 25.06.2020 | No se presta |
